00719nam a22001935i 450000100060000000300090000600500170001500700030003200800410003504000200007610000720009624500730016825000170024126000910025830000220034985200210037199900170039295201160040948196ES-MaACL20250809063455.0t|950706q18301900fr ||||1| fre d aCAM bspa cCAM1 aChateaubriand, François-René, cvicomte de, d1768-184893817710aAtala. René. Le dernier abencerage. Les Natchez / cChateaubriand. aNouvelle ed. aParis : blibrairie Garnier fréres, c[18??] (eCoulommiers :fimp. Dassaint et Cie) a512 p. ; c19 cm. aES-MaACLjG-8777 c48196d48196 00104070aATENEOMbATENEOMcSPP3d2008-01-17eSCl0oG-8777p1050722r2023-02-23 00:00:00w2023-02-23yMONANT